[Event "SSC-Rostock-Open 2013"]
[Site "Rostock"]
[Date "2013.08.02"]
[Round "5.8"]
[White "Skibbe, Willi"]
[Black "Fleischer, Matthias"]
[Result "1-0"]
[WhiteElo "2292"]
[BlackElo "1929"]
[PlyCount "155"]
[EventDate "2013.07.31"]
[EventType "swiss"]
[EventRounds "7"]
[EventCountry "GER"]
[Source "LSV Meck.-Vorp."]
[SourceDate "1999.06.01"]
[WhiteTeam "SSC Rostock 07"]
[BlackTeam "SV Einheit Schwerin"]

1. d4 Nf6 2. c4 e6 3. Nc3 Bb4 4. e3 c5 5. Nge2 O-O 6. a3 Bxc3+ 7. Nxc3 a6 8.
dxc5 Nc6 9. Be2 Qa5 10. b4 Nxb4 11. axb4 Qxa1 12. Qc2 a5 13. b5 a4 14. O-O a3
15. f4 Rd8 16. Qd3 Ne8 17. Ne4 f5 18. Nc3 Nf6 19. Bd2 Qb2 20. Rb1 a2 21. Rxb2
a1=Q+ 22. Rb1 Qa7 23. b6 Qb8 24. Qd6 Rf8 25. Bf3 Rf7 26. Nb5 Ne8 27. Qxb8 Rxb8
28. Nd6 Nxd6 29. cxd6 Ra8 30. Bc3 Rf8 31. Bd4 Kf7 32. Rb5 Ra4 33. Rc5 Rb4 34.
Rc7 Rd8 35. Kf2 Kg6 36. h3 h5 37. Kg3 Kh6 38. Kh4 Rg8 39. Kg3 g5 40. fxg5+
Rxg5+ 41. Kf4 Rg8 42. Ke5 Rf8 43. c5 f4 44. Ke4 fxe3 45. Kxe3 e5 46. Bc3 Rb3
47. Kd2 Re8 48. Kc2 Ra3 49. Kb2 Ra8 50. Be4 Kg5 51. Bxb7 Bxb7 52. Rxb7 Rad8 53.
Rc7 Kf4 54. b7 Kf5 55. c6 dxc6 56. d7 Re7 57. Rc8 Rdxd7 58. b8=Q Rb7+ 59. Qxb7
Rxb7+ 60. Kc2 Rg7 61. Rf8+ Ke4 62. Rf2 Re7 63. Kd2 c5 64. Re2+ Kd5 65. Ke3 e4
66. Bf6 Re6 67. Rd2+ Kc4 68. Bh4 Kb3 69. Rd5 c4 70. Rb5+ Kc2 71. Rc5 Kb3 72.
Be1 Re8 73. Rxh5 Rc8 74. Rb5+ Kc2 75. Kxe4 c3 76. Bxc3 Rxc3 77. Rg5 Rc4+ 78.
Ke3 1-0

[Event "SSC-Rostock-Open 2013"]
[Site "Rostock"]
[Date "2013.08.02"]
[Round "5.9"]
[White "Birnbaum, Wolf Dieter"]
[Black "Schulz, Michael"]
[Result "0-1"]
[WhiteElo "1992"]
[BlackElo "2249"]
[PlyCount "80"]
[EventDate "2013.07.31"]
[EventType "swiss"]
[EventRounds "7"]
[EventCountry "GER"]
[Source "LSV Meck.-Vorp."]
[SourceDate "1999.06.01"]
[WhiteTeam "SF Ostsee Warnemuende"]
[BlackTeam "SC Empor Potsdam 1952"]

1. Nf3 b5 2. e4 Bb7 3. Bxb5 Bxe4 4. Nc3 Bb7 5. O-O Nf6 6. d4 e6 7. Qd3 Be7 8.
Re1 O-O 9. Bf4 d6 10. a4 a6 11. Bc4 Nbd7 12. b4 d5 13. Ba2 Bxb4 14. Reb1 a5 15.
Nb5 Ba6 16. c4 dxc4 17. Bxc4 Nd5 18. Bxd5 exd5 19. Ng5 Nf6 20. Be5 Bxb5 21.
axb5 g6 22. Rc1 Ng4 23. f4 Nxe5 24. dxe5 h6 25. Nf3 Qd7 26. Nd4 Qg4 27. f5 Qe4
28. Qxe4 dxe4 29. Kf2 Rae8 30. Rxc7 Rxe5 31. fxg6 e3+ 32. Ke2 fxg6 33. b6 Rf2+
34. Kd3 Rd2+ 35. Kc4 Re4 36. Rd7 Re8 37. b7 e2 38. Rc7 Bd6 39. Rc8 Kf7 40. Re1
Re4 0-1

[Event "SSC-Rostock-Open 2013"]
[Site "Rostock"]
[Date "2013.08.02"]
[Round "5.10"]
[White "Giese, Guido"]
[Black "Franz, Karsten"]
[Result "1/2-1/2"]
[WhiteElo "1964"]
[BlackElo "2191"]
[PlyCount "33"]
[EventDate "2013.07.31"]
[EventType "swiss"]
[EventRounds "7"]
[EventCountry "GER"]
[Source "LSV Meck.-Vorp."]
[SourceDate "1999.06.01"]
[WhiteTeam "HSG Uni Rostock"]
[BlackTeam "SV Dresden-Leuben"]

1. e4 g6 2. d4 Bg7 3. Nc3 d6 4. Nf3 Nf6 5. h3 O-O 6. Be3 Nc6 7. Bb5 Nd7 8. Kf1
e5 9. Bxc6 bxc6 10. dxe5 Nxe5 11. Nxe5 Bxe5 12. Bd4 Qg5 13. Bxe5 Qxe5 14. Qd2
Rb8 15. b3 Be6 16. Rd1 a5 17. Qd4 1/2-1/2

[Event "SSC-Rostock-Open 2013"]
[Site "Rostock"]
[Date "2013.08.02"]
[Round "5.12"]
[White "Hilbig, Dieter"]
[Black "Mauser, Tassilo"]
[Result "1/2-1/2"]
[WhiteElo "2029"]
[BlackElo "1766"]
[PlyCount "42"]
[EventDate "2013.07.31"]
[EventType "swiss"]
[EventRounds "7"]
[EventCountry "GER"]
[Source "LSV Meck.-Vorp."]
[SourceDate "1999.06.01"]
[WhiteTeam "ESV Gera"]
[BlackTeam "SV Gryps"]

1. e4 c5 2. Nc3 Nc6 3. f4 e6 4. Nf3 d5 5. Bb5 Nf6 6. Bxc6+ bxc6 7. d3 Ba6 8. e5
Nd7 9. O-O Be7 10. b3 Rb8 11. Qe1 O-O 12. Ne2 Qb6 13. Kh1 f6 14. exf6 Bxf6 15.
Rb1 Rbe8 16. Bb2 Bxb2 17. Rxb2 e5 18. fxe5 Nxe5 19. Nxe5 Rxf1+ 20. Qxf1 Rxe5
21. Rb1 Qc7 1/2-1/2

[Event "SSC-Rostock-Open 2013"]
[Site "Rostock"]
[Date "2013.08.02"]
[Round "5.13"]
[White "Reznik, Leonid"]
[Black "Kioschies, Johann"]
[Result "1-0"]
[WhiteElo "1869"]
[BlackElo "2006"]
[PlyCount "107"]
[EventDate "2013.07.31"]
[EventType "swiss"]
[EventRounds "7"]
[EventCountry "GER"]
[Source "LSV Meck.-Vorp."]
[SourceDate "1999.06.01"]
[WhiteTeam "TuS Makkabi Rostock"]
[BlackTeam "SV Aalen"]

1. e4 c5 2. Nc3 Nc6 3. g3 g6 4. Bg2 Bg7 5. f4 d6 6. Nf3 Bg4 7. h3 Bd7 8. O-O e6
9. d3 a6 10. Ne2 Nge7 11. c3 f5 12. g4 O-O 13. Be3 Qc7 14. exf5 exf5 15. d4 c4
16. g5 Nd5 17. Bf2 Nce7 18. Qd2 Rae8 19. Rae1 Bc6 20. Ng3 Qa5 21. a3 b5 22. Re6
Qc7 23. Rfe1 a5 24. Nf1 Rb8 25. Kh2 Rf7 26. Bg3 b4 27. axb4 axb4 28. Ne3 Nxe3
29. R6xe3 Nd5 30. Re6 Bf8 31. h4 bxc3 32. bxc3 Rb3 33. h5 Rg7 34. Nh4 Nxc3 35.
d5 Bd7 36. hxg6 Bxe6 37. Rxe6 Ne4 38. Bxe4 fxe4 39. gxh7+ Rxh7 40. g6 Re7 41.
f5 Rxe6 42. dxe6 Rd3 43. Qg5 Rd5 44. Qc1 Be7 45. Qc3 Rd3 46. Qa1 Qd8 47. Ng2 c3
48. Bf4 Kg7 49. Qa7 Kf6 50. g7 Kxf5 51. Qxe7 Qxe7 52. g8=Q Rf3 53. Qf7+ Qf6 54.
Nh4+ 1-0

[Event "SSC-Rostock-Open 2013"]
[Site "Rostock"]
[Date "2013.08.02"]
[Round "5.14"]
[White "Puschendorf, Steffen"]
[Black "Mangold, Thomas"]
[Result "1-0"]
[WhiteElo "2220"]
[BlackElo "1884"]
[PlyCount "87"]
[EventDate "2013.07.31"]
[EventType "swiss"]
[EventRounds "7"]
[EventCountry "GER"]
[Source "LSV Meck.-Vorp."]
[SourceDate "1999.06.01"]
[WhiteTeam "ESV Gera"]
[BlackTeam "SSC Rostock 07"]

1. d4 Nf6 2. c4 g6 3. Nc3 d5 4. e3 Bg7 5. cxd5 Nxd5 6. Nxd5 Qxd5 7. Ne2 O-O 8.
Nc3 Qd8 9. Be2 e6 10. O-O c5 11. dxc5 Nd7 12. c6 bxc6 13. Qa4 Qb6 14. Bf3 Ne5
15. Be2 Rd8 16. Qc2 Ba6 17. Na4 Qa5 18. Bxa6 Qxa6 19. e4 Nd3 20. Bg5 Rd4 21.
Nc3 Rb8 22. b3 Nb4 23. Qc1 Rd3 24. Na4 Qb5 25. Qf4 Be5 26. Qh4 Bxa1 27. Rxa1
Qe5 28. Rf1 Rb5 29. Bf6 Qh5 30. Qf4 g5 31. Qc1 Qg6 32. e5 a6 33. Nc5 Rd5 34.
Nxa6 Nxa6 35. Qxc6 Rb8 36. Qxa6 Qd3 37. Qa7 Rc8 38. Qb7 Qc2 39. a4 Rc7 40. Qb8+
Rc8 41. Qb7 Rc7 42. Qb4 Rd1 43. Qb8+ Rc8 44. Qxc8+ 1-0

[Event "SSC-Rostock-Open 2013"]
[Site "Rostock"]
[Date "2013.08.02"]
[Round "5.16"]
[White "Hodl, Ingolf"]
[Black "Morosova, Svetlana"]
[Result "1-0"]
[WhiteElo "2062"]
[BlackElo "1689"]
[PlyCount "149"]
[EventDate "2013.07.31"]
[EventType "swiss"]
[EventRounds "7"]
[EventCountry "GER"]
[Source "LSV Meck.-Vorp."]
[SourceDate "1999.06.01"]
[WhiteTeam "SSC Rostock 07"]
[BlackTeam "Think Rochade - SC HRO"]

1. e4 c5 2. Nc3 Nc6 3. Nge2 d6 4. d4 cxd4 5. Nxd4 Nf6 6. Be2 e6 7. O-O Be7 8.
Be3 a6 9. Kh1 O-O 10. Qd2 Qc7 11. f4 b5 12. Bf3 Bb7 13. a3 Rac8 14. Nxc6 Bxc6
15. Rad1 Rfd8 16. g4 d5 17. e5 Ne4 18. Bxe4 dxe4 19. Qf2 Rxd1 20. Nxd1 b4 21.
axb4 Bxb4 22. c3 Be7 23. Kg1 Bb5 24. Re1 Bd3 25. Bd4 Bc5 26. Bxc5 Qxc5 27. Qxc5
Rxc5 28. Nf2 Rb5 29. b4 f5 30. exf6 gxf6 31. Nxe4 Bxe4 32. Rxe4 Kf7 33. Rc4 a5
34. Rc7+ Kg6 35. bxa5 Rxa5 36. Kf2 Ra2+ 37. Kg3 Ra3 38. Kf3 Ra1 39. h4 Rf1+ 40.
Ke3 Re1+ 41. Kf2 Rc1 42. h5+ Kh6 43. Rc6 Rc2+ 44. Kf3 Rc1 45. Ke2 Rc2+ 46. Kd3
Rf2 47. Ke3 Rf1 48. c4 Kg7 49. Rc7+ Kh6 50. c5 Re1+ 51. Kf2 Re4 52. Kf3 Re1 53.
c6 Rf1+ 54. Ke3 Re1+ 55. Kf2 Re4 56. Kf3 Re1 57. Rf7 Rf1+ 58. Ke3 Re1+ 59. Kf2
Re4 60. Rxf6+ Kg7 61. g5 Rd4 62. h6+ Kg8 63. Rxe6 Rxf4+ 64. Ke3 Rc4 65. Kd3 Rc1
66. Rf6 Rc5 67. Kd4 Rc1 68. Kd5 Rd1+ 69. Ke6 Rc1 70. Ke7 Re1+ 71. Re6 Rc1 72.
Kd7 Kf7 73. Rf6+ Kg8 74. c7 Rd1+ 75. Rd6 1-0

[Event "SSC-Rostock-Open 2013"]
[Site "Rostock"]
[Date "2013.08.02"]
[Round "5.17"]
[White "Heerde, Thomas"]
[Black "Massloch, Philipp"]
[Result "1-0"]
[WhiteElo "2001"]
[BlackElo "1818"]
[PlyCount "43"]
[EventDate "2013.07.31"]
[EventType "swiss"]
[EventRounds "7"]
[EventCountry "GER"]
[Source "LSV Meck.-Vorp."]
[SourceDate "1999.06.01"]
[WhiteTeam "SC Weisse Dame"]
[BlackTeam "SAV Torgelow-Droegeheide 90"]

1. Nf3 Nf6 2. g3 g6 3. Bg2 Bg7 4. O-O O-O 5. d3 d5 6. Nbd2 c6 7. h3 Nbd7 8. e4
dxe4 9. dxe4 Qc7 10. a4 Nc5 11. Re1 Rd8 12. Qe2 Be6 13. Ra3 a5 14. Ng5 Rd7 15.
Kh2 Rad8 16. Nc4 Rd4 17. Bf4 Qc8 18. Nb6 Bc4 19. Nxc4 b5 20. axb5 cxb5 21. Nxa5
b4 22. Raa1 1-0

[Event "SSC-Rostock-Open 2013"]
[Site "Rostock"]
[Date "2013.08.02"]
[Round "5.18"]
[White "Bardosch, Konstantin"]
[Black "Pererva, Viktor"]
[Result "0-1"]
[WhiteElo "1666"]
[BlackElo "2019"]
[PlyCount "58"]
[EventDate "2013.07.31"]
[EventType "swiss"]
[EventRounds "7"]
[EventCountry "GER"]
[Source "LSV Meck.-Vorp."]
[SourceDate "1999.06.01"]
[WhiteTeam "SSC Rostock 07"]
[BlackTeam "SSC Rostock 07"]

1. d4 d5 2. Bg5 h6 3. Bh4 c6 4. e3 Qb6 5. b3 e5 6. Nf3 e4 7. Nfd2 Be6 8. c4 Nd7
9. cxd5 cxd5 10. Nc3 Ngf6 11. Rc1 Ba3 12. Rc2 O-O 13. Nb5 Bb4 14. Nc7 Rac8 15.
Nxe6 fxe6 16. Bg3 Qa5 17. Be2 Rxc2 18. Qxc2 Nb6 19. Bc7 Rc8 20. Bxb6 Rxc2 21.
Bxa5 Bxa5 22. a3 Bxd2+ 23. Kd1 Rc1+ 24. Kxd2 Rxh1 25. h3 Ra1 26. a4 Ra2+ 27.
Ke1 a6 28. Bd1 Kf8 29. b4 Rb2 0-1

[Event "SSC-Rostock-Open 2013"]
[Site "Rostock"]
[Date "2013.08.02"]
[Round "5.19"]
[White "Schreiber, Kevin"]
[Black "Wurst, Maximilian"]
[Result "1-0"]
[WhiteElo "1914"]
[BlackElo "1441"]
[PlyCount "43"]
[EventDate "2013.07.31"]
[EventType "swiss"]
[EventRounds "7"]
[EventCountry "GER"]
[Source "LSV Meck.-Vorp."]
[SourceDate "1999.06.01"]
[WhiteTeam "SC Mecklenburger Springer"]
[BlackTeam "SSC Rostock 07"]

1. d4 Nf6 2. Nf3 e6 3. e3 Be7 4. Bd3 h6 5. Nbd2 Nc6 6. O-O O-O 7. b3 d5 8. Bb2
Re8 9. a3 b6 10. Qe2 a6 11. e4 Bb7 12. e5 Nd7 13. h3 f6 14. Bg6 Rf8 15. exf6
Rxf6 16. Bd3 Bd6 17. Ne5 Bxe5 18. dxe5 Rf8 19. Qg4 Qe7 20. f4 Rab8 21. Qg6 Qf7
22. Qh7# 1-0

[Event "SSC-Rostock-Open 2013"]
[Site "Rostock"]
[Date "2013.08.02"]
[Round "5.20"]
[White "Celmer, Ole"]
[Black "Wulf, Constanze"]
[Result "1-0"]
[WhiteElo "1908"]
[BlackElo "1615"]
[PlyCount "76"]
[EventDate "2013.07.31"]
[EventType "swiss"]
[EventRounds "7"]
[EventCountry "GER"]
[Source "LSV Meck.-Vorp."]
[SourceDate "1999.06.01"]
[WhiteTeam "SSC Rostock 07"]
[BlackTeam "SC Mecklenburger Springer"]

1. e4 c6 2. d4 d5 3. exd5 cxd5 4. Bd3 Nc6 5. c3 Qc7 6. h3 Nf6 7. Nf3 g6 8. Be3
Bg7 9. O-O O-O 10. Nbd2 Bf5 11. Nb3 Bxd3 12. Qxd3 Na5 13. Nbd2 Rab8 14. Ne5 Nd7
15. Ndf3 Nxe5 16. Nxe5 Bxe5 17. dxe5 Qxe5 18. Bxa7 Ra8 19. Rfe1 Qd6 20. Be3 Nc6
21. Bh6 Rfd8 22. b4 Qf6 23. Qe3 Rd7 24. Bg5 Qf5 25. b5 d4 26. Qf4 Qxf4 27. Bxf4
Na7 28. b6 Nb5 29. cxd4 Ra4 30. Bh6 Raxd4 31. Rac1 e6 32. Rc8+ Rd8 33. Rec1
Rd1+ 34. Kh2 R1d6 35. a4 Nd4 36. R1c7 Nf5 37. Bf4 Rxc8 38. Rxc8+ Kg7 1-0

[Event "SSC-Rostock-Open 2013"]
[Site "Rostock"]
[Date "2013.08.02"]
[Round "5.21"]
[White "Jeske, Holger"]
[Black "Siegert, Gregor"]
[Result "1-0"]
[WhiteElo "1903"]
[BlackElo "1826"]
[PlyCount "69"]
[EventDate "2013.07.31"]
[EventType "swiss"]
[EventRounds "7"]
[EventCountry "GER"]
[Source "LSV Meck.-Vorp."]
[SourceDate "1999.06.01"]
[WhiteTeam "SSC Rostock 07"]
[BlackTeam "SF Schwerin"]

1. e4 c5 2. b4 cxb4 3. d4 Nf6 4. Bd3 Nc6 5. Be3 g6 6. f3 Bg7 7. g4 Qb6 8. Ne2
d6 9. Bf2 Qa5 10. Nd2 h5 11. Nc4 Qc7 12. g5 Nd7 13. f4 e5 14. dxe5 dxe5 15. f5
gxf5 16. exf5 e4 17. Bxe4 Bxa1 18. Nd6+ Kf8 19. Qxa1 Rg8 20. Bg3 Qa5 21. Nc4
Qb5 22. Bd6+ Ke8 23. Ne3 b3 24. axb3 Nb4 25. Qc3 a5 26. Nd4 Qb6 27. Nc4 Qa6 28.
Kd2 Kd8 29. Ra1 b6 30. Bxb4 axb4 31. Nc6+ Kc7 32. Qxb4 Qxa1 33. Qd6+ Kb7 34.
Nb4+ Ka7 35. Qc7+ 1-0

[Event "SSC-Rostock-Open 2013"]
[Site "Rostock"]
[Date "2013.08.02"]
[Round "5.23"]
[White "Helms, Sven"]
[Black "Schulz, Ronald"]
[Result "1-0"]
[WhiteElo "2046"]
[BlackElo "1574"]
[PlyCount "59"]
[EventDate "2013.07.31"]
[EventType "swiss"]
[EventRounds "7"]
[EventCountry "GER"]
[Source "LSV Meck.-Vorp."]
[SourceDate "1999.06.01"]
[WhiteTeam "SF Schwerin"]
[BlackTeam "SG Eintracht Neubrandenburg"]

1. d4 Nf6 2. c4 e6 3. Nf3 Bb4+ 4. Nbd2 b6 5. a3 Bxd2+ 6. Bxd2 Bb7 7. Bg5 h6 8.
Bh4 d6 9. e3 Nbd7 10. Qc2 Be4 11. Bd3 Bxd3 12. Qxd3 Nf8 13. h3 Ng6 14. Bg3 O-O
15. Nh4 Ne7 16. Bh2 Rc8 17. Rd1 d5 18. O-O Ne4 19. cxd5 exd5 20. f3 Nd6 21. g4
Nc4 22. Rf2 g5 23. Ng2 Nd6 24. e4 c6 25. e5 Ne8 26. f4 Ng6 27. f5 Nh4 28. Nxh4
gxh4 29. f6 Nc7 30. Rf5 1-0

[Event "SSC-Rostock-Open 2013"]
[Site "Rostock"]
[Date "2013.08.02"]
[Round "5.24"]
[White "Leisner, Ekkehardt"]
[Black "Raitza, Egon"]
[Result "1/2-1/2"]
[WhiteElo "1588"]
[BlackElo "1856"]
[PlyCount "142"]
[EventDate "2013.07.31"]
[EventType "swiss"]
[EventRounds "7"]
[EventCountry "GER"]
[Source "LSV Meck.-Vorp."]
[SourceDate "1999.06.01"]
[WhiteTeam "SV Turbine Neubrandenburg"]
[BlackTeam "SSC Rostock 07"]

1. c4 Nf6 2. Nc3 e6 3. g3 d5 4. e3 c6 5. b3 Be7 6. Bg2 O-O 7. d4 Nbd7 8. Nge2
Qc7 9. O-O dxc4 10. bxc4 Nb6 11. Qb3 e5 12. d5 cxd5 13. cxd5 Bd7 14. Rb1 Rab8
15. Rd1 Bd6 16. Ba3 Nc4 17. Bxd6 Nxd6 18. Rdc1 Qa5 19. Qb4 Qxb4 20. Rxb4 Rfc8
21. Rcb1 Rc7 22. e4 b6 23. f3 Rbc8 24. R1b3 Nfe8 25. a4 Rc4 26. Rxc4 Rxc4 27.
Ra3 Rb4 28. Nc1 a6 29. Nd3 Nc4 30. Nxb4 Nxa3 31. Nxa6 Nd6 32. Bf1 Kf8 33. Kf2
Ke7 34. Ke1 Nc2+ 35. Kd2 Nd4 36. Be2 f6 37. Nb4 Kd8 38. Nd3 Nc4+ 39. Ke1 Nd6
40. Nb2 b5 41. axb5 Nxe2 42. Kxe2 Nxb5 43. Nxb5 Bxb5+ 44. Ke3 Kd7 45. Nd3 Kd6
46. f4 exf4+ 47. gxf4 g5 48. Nf2 Bd7 49. fxg5 fxg5 50. Kd4 h5 51. e5+ Ke7 52.
Ne4 g4 53. Ke3 h4 54. Kf4 g3 55. hxg3 h3 56. Nf2 h2 57. g4 Bb5 58. Kg3 Bc4 59.
Kxh2 Bxd5 60. Nd3 Ke6 61. Kg3 Bc4 62. Nf2 Kxe5 63. Nh3 Kf6 64. Kh4 Kg6 65. Nf4+
Kg7 66. g5 Bb3 67. Kg3 Bd1 68. Kf2 Bc2 69. Ke3 Bb1 70. Kd4 Bc2 71. Ke5 Bb1
1/2-1/2

[Event "SSC-Rostock-Open 2013"]
[Site "Rostock"]
[Date "2013.08.02"]
[Round "5.25"]
[White "Vladov, Mark"]
[Black "Kreutz, Ralf"]
[Result "1-0"]
[WhiteElo "1829"]
[BlackElo "1573"]
[Annotator "Doe,John"]
[PlyCount "92"]
[EventDate "2013.07.31"]
[EventType "swiss"]
[EventRounds "7"]
[EventCountry "GER"]
[Source "LSV Meck.-Vorp."]
[SourceDate "1999.06.01"]
[WhiteTeam "SF Ostsee Warnemuende"]
[BlackTeam "SV Koenigsjaeger Sued-West"]

1. e3 e5 2. b3 Nc6 3. Bb2 d6 4. Nc3 Nf6 5. Be2 Bf5 6. Nf3 a6 7. d4 e4 8. Nh4
Qd7 9. Nxf5 Qxf5 10. g4 Qd7 11. g5 Ng8 12. d5 Ne5 13. Nxe4 Qf5 14. f3 h6 15.
Rg1 hxg5 16. Rxg5 Qh3 17. Bxe5 dxe5 18. Rxe5+ Be7 19. Nf2 Qxh2 20. Ng4 Qg3+ 21.
Kd2 O-O-O 22. Qe1 Qxe1+ 23. Rxe1 c6 24. e4 f6 25. Re6 cxd5 26. exd5 Rxd5+ 27.
Bd3 Kd7 28. Kc1 Bb4 29. R1e2 Bc3 30. Nf2 Rg5 31. Re8 Rg1+ 32. Nd1 Rhh1 33. Bf5+
Kc7 34. Rc8+ Kb6 35. Rxc3 Rxd1+ 36. Kb2 Rb1+ 37. Ka3 Rh5 38. Re6+ Ka7 39. Rc5
Nh6 40. Re8 Rxf5 41. Rcc8 Re5 42. Red8 Nf5 43. c4 Rc1 44. Kb2 Rce1 45. c5 R1e2+
46. Ka3 b6 1-0

[Event "SSC-Rostock-Open 2013"]
[Site "Rostock"]
[Date "2013.08.02"]
[Round "5.26"]
[White "Graeber, Gero"]
[Black "Schamber, Dennis"]
[Result "1/2-1/2"]
[WhiteElo "1722"]
[BlackElo "1544"]
[PlyCount "107"]
[EventDate "2013.07.31"]
[EventType "swiss"]
[EventRounds "7"]
[EventCountry "GER"]
[Source "LSV Meck.-Vorp."]
[SourceDate "1999.06.01"]
[WhiteTeam "SC Tettnang"]
[BlackTeam "TuS Makkabi Rostock"]

1. e4 c5 2. Nf3 Nc6 3. c3 d5 4. e5 Bg4 5. Bb5 e6 6. d4 a6 7. Be2 cxd4 8. cxd4
Bb4+ 9. Bd2 Rc8 10. O-O Nge7 11. a3 Bxd2 12. Nbxd2 O-O 13. Qb3 b5 14. h3 Bh5
15. g4 Bg6 16. Qe3 Na5 17. b4 Nc4 18. Nxc4 dxc4 19. Rfd1 Nd5 20. Qc1 Qb6 21.
Nh4 Qb7 22. Bf3 Qe7 23. Bxd5 exd5 24. Ng2 Be4 25. Qe3 Rcd8 26. Rac1 f5 27. f3
Bd3 28. Kh2 fxg4 29. fxg4 Be4 30. Rf1 Bd3 31. Rxf8+ Rxf8 32. Nf4 Be4 33. Re1
Qf7 34. Ng2 Qg6 35. Nf4 Qf7 36. Ng2 Kh8 37. Re2 Qf1 38. e6 Qf6 39. Nf4 Qe7 40.
Qg3 g5 41. Nxd5 Bxd5 42. Qe5+ Qf6 43. e7 Qxe5+ 44. Rxe5 Re8 45. Rxd5 Rxe7 46.
Rxg5 Rd7 47. d5 c3 48. Re5 c2 49. Re8+ Kg7 50. Rc8 Rxd5 51. Rxc2 Rd3 52. Rc7+
Kg8 53. Rc8+ Kg7 54. Rc7+ 1/2-1/2

[Event "SSC-Rostock-Open 2013"]
[Site "Rostock"]
[Date "2013.08.02"]
[Round "5.27"]
[White "Ehrich, Dieter"]
[Black "Langer, Moritz"]
[Result "1-0"]
[WhiteElo "1710"]
[BlackElo "1191"]
[PlyCount "83"]
[EventDate "2013.07.31"]
[EventType "swiss"]
[EventRounds "7"]
[EventCountry "GER"]
[Source "LSV Meck.-Vorp."]
[SourceDate "1999.06.01"]
[WhiteTeam "PSV Ribnitz-Damgarten"]
[BlackTeam "TuS Makkabi Rostock"]

1. c4 e5 2. g3 Nf6 3. Bg2 d5 4. cxd5 Nxd5 5. Nc3 Nxc3 6. bxc3 Bc5 7. Nf3 Nc6 8.
d3 O-O 9. O-O h6 10. Bb2 Re8 11. Re1 Rb8 12. d4 exd4 13. Nxd4 Nxd4 14. cxd4 Bb4
15. Rf1 b6 16. Qc2 Ba6 17. Bf3 Qe7 18. Bc3 Bxc3 19. Qxc3 Bxe2 20. Rfe1 Qf6 21.
Rxe2 Rxe2 22. Bxe2 c5 23. Rd1 Rd8 24. Qa3 Rxd4 25. Rxd4 Qxd4 26. Qxa7 Qb4 27.
Qa6 Qb1+ 28. Kg2 g6 29. Qa8+ Kg7 30. Qa6 h5 31. a4 Qb4 32. Qb5 Qxb5 33. Bxb5
Kf6 34. f4 Kf5 35. Kf3 Ke6 36. Bc4+ Ke7 37. Ke4 f6 38. Kd5 g5 39. Kc6 gxf4 40.
gxf4 h4 41. Kxb6 Kd6 42. a5 1-0

[Event "SSC-Rostock-Open 2013"]
[Site "Rostock"]
[Date "2013.08.02"]
[Round "5.28"]
[White "Kreuzinger, Frank"]
[Black "Wulf, Doris"]
[Result "1-0"]
[WhiteElo "1759"]
[BlackElo "1138"]
[PlyCount "87"]
[EventDate "2013.07.31"]
[EventType "swiss"]
[EventRounds "7"]
[EventCountry "GER"]
[Source "LSV Meck.-Vorp."]
[SourceDate "1999.06.01"]
[WhiteTeam "vls./Pirna"]
[BlackTeam "SC Mecklenburger Springer"]

1. Nf3 e6 2. g3 b6 3. Bg2 Bb7 4. O-O Nf6 5. d4 c5 6. c4 Nc6 7. d5 exd5 8. cxd5
Nb4 9. e4 d6 10. Re1 Be7 11. Nc3 O-O 12. Bf4 c4 13. Re2 Nd3 14. Be3 a6 15. a4
Ng4 16. Bd4 Bf6 17. h3 Bxd4 18. Nxd4 Ngxf2 19. Rxf2 Nxf2 20. Kxf2 Qf6+ 21. Kg1
Qe5 22. Kh2 Kh8 23. Qd2 g6 24. Nf3 Qe7 25. Qd4+ Kg8 26. Re1 Qc7 27. Qf6 Rad8
28. h4 Rde8 29. Qf4 f5 30. e5 dxe5 31. Rxe5 Rxe5 32. Nxe5 Qe7 33. d6 Qxd6 34.
Bxb7 a5 35. h5 gxh5 36. Bd5+ Kh8 37. Nf7+ Rxf7 38. Bxf7 Qf6 39. Bxh5 Qf8 40.
Qd4+ Kg8 41. Qxc4+ Kg7 42. Nd5 Qd6 43. Qd4+ Kh6 44. Qf4+ 1-0

[Event "SSC-Rostock-Open 2013"]
[Site "Rostock"]
[Date "2013.08.02"]
[Round "5.29"]
[White "Worm, Alfred"]
[Black "Rozhanskyy, Oleksiy"]
[Result "1-0"]
[WhiteElo "1844"]
[BlackElo "1199"]
[PlyCount "51"]
[EventDate "2013.07.31"]
[EventType "swiss"]
[EventRounds "7"]
[EventCountry "GER"]
[Source "LSV Meck.-Vorp."]
[SourceDate "1999.06.01"]
[WhiteTeam "SSC Rostock 07"]
[BlackTeam "SSC Rostock 07"]

1. e4 e5 2. Nc3 Bc5 3. Bc4 Nf6 4. f4 d6 5. f5 Nxe4 6. Bxf7+ Kxf7 7. Qh5+ g6 8.
fxg6+ hxg6 9. Qf3+ Nf6 10. h3 c6 11. d3 Be6 12. Bg5 Nbd7 13. Ne4 Kg7 14. O-O-O
d5 15. Nxc5 Nxc5 16. Rf1 Rf8 17. Qe3 Qd6 18. Bh6+ Kg8 19. Qg5 Nh5 20. Qxg6+ Kh8
21. Bxf8 Rxf8 22. Qxh5+ Kg8 23. Ne2 d4 24. Qg5+ Kh8 25. Rxf8+ Qxf8 26. Qxe5+
1-0

[Event "SSC-Rostock-Open 2013"]
[Site "Rostock"]
[Date "2013.08.02"]
[Round "5.30"]
[White "Jaehn, Janis"]
[Black "Breuel, Steffen"]
[Result "1-0"]
[WhiteElo "1747"]
[BlackElo "1183"]
[PlyCount "77"]
[EventDate "2013.07.31"]
[EventType "swiss"]
[EventRounds "7"]
[EventCountry "GER"]
[Source "LSV Meck.-Vorp."]
[SourceDate "1999.06.01"]
[WhiteTeam "SF Schwerin"]
[BlackTeam "SSC Rostock 07"]

1. Nf3 d5 2. e3 Nf6 3. c4 c6 4. b3 Nbd7 5. Bb2 e6 6. d4 Bb4+ 7. Nbd2 Qa5 8. a3
Bxd2+ 9. Nxd2 O-O 10. g4 dxc4 11. Bxc4 b5 12. b4 Qc7 13. Bd3 e5 14. g5 Nd5 15.
Qh5 f5 16. gxf6 N5xf6 17. Qg5 Re8 18. Rg1 Re7 19. Rc1 a6 20. Bb1 Nb6 21. Qxf6
Bb7 22. Qf5 g6 23. Ba2+ Kg7 24. dxe5 Rf8 25. e6+ Kg8 26. Qe5 Qxe5 27. Bxe5 Rf5
28. Bd6 Re8 29. e7+ Kg7 30. Be6 Rh5 31. Rc5 Kf6 32. Bg4 Rd5 33. Ne4+ Kf7 34.
Rxd5 cxd5 35. Nc5 Bc8 36. Bxc8 Nxc8 37. Nb7 Nxd6 38. Nxd6+ Kxe7 39. Nxe8 1-0

[Event "SSC-Rostock-Open 2013"]
[Site "Rostock"]
[Date "2013.08.02"]
[Round "5.31"]
[White "Schubert, Jens"]
[Black "Lange, Johannes"]
[Result "1-0"]
[WhiteElo "1613"]
[BlackElo "1174"]
[PlyCount "103"]
[EventDate "2013.07.31"]
[EventType "swiss"]
[EventRounds "7"]
[EventCountry "GER"]
[Source "LSV Meck.-Vorp."]
[SourceDate "1999.06.01"]
[WhiteTeam "SV Turbine Neubrandenburg"]
[BlackTeam "Schachunion Berlin"]

1. e4 e5 2. Nf3 Nc6 3. Bb5 d6 4. O-O Bd7 5. c3 Nf6 6. Re1 Be7 7. d4 exd4 8.
cxd4 O-O 9. Nc3 a6 10. Ba4 b5 11. Bc2 Bg4 12. a3 Bxf3 13. gxf3 h6 14. Qd3 Re8
15. Kh1 Bf8 16. Rg1 g6 17. f4 Ne7 18. e5 dxe5 19. fxe5 Nh7 20. f4 Bg7 21. Qh3
Qc8 22. f5 Nxf5 23. Bxf5 Qxf5 24. Qxf5 gxf5 25. Bxh6 Rf8 26. Bxg7 Rfe8 27. Bh6+
Kh8 28. Raf1 Rg8 29. Rxf5 Rxg1+ 30. Kxg1 Rg8+ 31. Kf2 Rf8 32. Bxf8 Nxf8 33.
Rxf7 Kg8 34. Rxc7 Ne6 35. Rd7 Nf8 36. Rd8 Kg7 37. Rxf8 Kxf8 38. b4 Ke7 39. h4
Kf7 40. Nd5 Ke6 41. Nc7+ Kf5 42. Nxa6 Kg4 43. e6 Kxh4 44. e7 Kg5 45. e8=Q Kf4
46. Qe5+ Kg4 47. d5 Kh4 48. d6 Kg4 49. d7 Kh4 50. d8=Q+ Kg4 51. Qeg5+ Kh3 52.
Qh8# 1-0

[Event "SSC-Rostock-Open 2013"]
[Site "Rostock"]
[Date "2013.08.02"]
[Round "5.32"]
[White "Orthmann, Ralf"]
[Black "Schulz, Daniel"]
[Result "0-1"]
[WhiteElo "1028"]
[BlackElo "1383"]
[PlyCount "54"]
[EventDate "2013.07.31"]
[EventType "swiss"]
[EventRounds "7"]
[EventCountry "GER"]
[Source "LSV Meck.-Vorp."]
[SourceDate "1999.06.01"]
[WhiteTeam "Think Rochade - SC HRO"]
[BlackTeam "SG Eintracht Neubrandenburg"]

1. d4 Nf6 2. Nf3 e6 3. e3 Be7 4. Bd3 O-O 5. Nbd2 b6 6. O-O Bb7 7. c4 Nc6 8. Re1
d5 9. cxd5 Nxd5 10. e4 Ndb4 11. Bc2 Nxd4 12. Nxd4 Qxd4 13. a3 Nc6 14. Nf3 Qxd1
15. Rxd1 Rad8 16. Bf4 Bd6 17. e5 Be7 18. Rxd8 Rxd8 19. Rd1 Rxd1+ 20. Bxd1 a5
21. a4 Bc5 22. b3 Nd4 23. Nd2 Ba6 24. Nc4 Bxc4 25. bxc4 Nc6 26. Bf3 Nd4 27. Bb7
Ne2+ 0-1